02646nam a2200421 u 4500001000800000005001700008007001000025008004100035035001200076040001300088041000800101080000900109082000800118100004900126245023100175260004300406300001300449520130300462650003301765650001301798650002601811650001801837650002501855650002501880650003501905650004001940650002101980650001702001650002602018650001802044650001602062650002302078650003702101650002202138700004402160502001202204526000802216114239420260507113926.0co|||||||090513s2009 spa  a1142394 ccomduadb aspa aT/CD 4a15810aMuñoz Quintero, Claudia Patricia4auteaut10aDiagnostico de los niveles de satisfaccion laboral en los docentes de la Institucion Educativa Kennedy, de acuerdo con el cuestionario de Fernando Toro, para diagnosticar satisfaccion laboral : analisis, opciones interventivas aMedellín :b[sin publicador],c2009. a1 CD-ROM3 aEl presente trabajo fue realizado en La Institución Educativa Kennedy ubicada en la ciudad de Medellín, con una población docente conformada por cincuenta y cuatro personas. Se pretendió constituir un aporte para La Institución, que le permita conocer el estado actual de los Niveles de Satisfacción Laboral. Es de suma importancia para cualquier organización realizar este tipo de diagnóstico ya que determinar los niveles de satisfacción laboral puede permitir que se generen los mecanismos necesarios para solucionar las dificultades que se presentan en este sentido, lo mismo que trabajar en la prevención con miras a contribuir a un mejor desarrollo de la labor y logro de objetivos institucionales. Esta tesis se construyó en tres fases: la primera de ellas se orientó en el diagnóstico de La satisfacción laboral entre la población de docentes de la Institución Educativa Kennedy, la segunda fase permitió la sistematización y el análisis de datos; y por último, se elaboró una fase de propuestas susceptibles de ser aplicadas al contexto de la Institución. El cumplimiento de estas tres fases se apoyó en aportes teóricos concernientes al tema y la aplicación del cuestionario para el diagnóstico de los niveles de satisfacción laboral. aSatisfacción en el trabajo aDocentes 7aAnálisis de datos2 aCuestionarios aRelaciones laborales aMotivación laboral 7aCultura organizacional2armarc aClima organizacional en educación 7aAutoestima2lemb 0aAutoeficacia aLiderazgo empresarial aRetribución aVida social aAusentismo laboral 7aPsicología del trabajo2armarc 7aPsicología2dcs10aGil Gallego, Ángela María4thseths b105c12 a106